000 00850namaa2200289 a 4500
001 vtls001305313
003 NLI
005 20210627043901.0
008 120418s1981 dcu i000 0 eng
039 9 _y201204181937
_zVLOAD
040 0 _aNLI
_cVTLS-2012_FOD
_eAACR2
041 0 _aeng
044 _adcu
082 0 4 _a600
110 1 _aUnited States.
_bDepartment of Transportation
245 1 0 _aTransit technology evaluation :
_ba literature capsule
260 _aWashington, D.C. :
_bUnited States Department of Transportation,
_c1981
300 _a66 p. ;
_c30 cm.
500 _aCover title
650 0 _aTechnology
_9696264
650 0 _aTechnological innovations
_9725317
887 _a
901 _aAD 126130
_b22.10.2010
902 _aU.S 600 Un 3 t
949 _AVIRTUAITEM
_D10000
_X100
_6ADX000126130ENG
942 _2ddc
_cBKS
999 _c596109
_d596109